Performing the American frontier, 1870-1906 /
| Κύριος συγγραφέας: | |
|---|---|
| Μορφή: | Βιβλίο |
| Γλώσσα: | English |
| Έκδοση: |
Cambridge, UK ; New York :
Cambridge University Press,
2001.
|
| Θέματα: | |
| Διαθέσιμο Online: | Sample text Publisher description Table of contents Contributor biographical information |
| LEADER | 01798cam a22003257i 4500 | ||
|---|---|---|---|
| 001 | 12225938 | ||
| 005 | 20210526180845.0 | ||
| 008 | 160921s2001 enkao f b 001 0 eng d | ||
| 952 | |0 0 |1 0 |2 ddc |4 0 |6 812_090000000000000_HAL |7 0 |9 205465 |a THST |b THST |d 2016-09-21 |i 006995 |l 0 |o 812.09 HAL |p 025000138315 |r 2016-09-21 00:00:00 |t 1 |v 2016.00 |w 2016-09-21 |y BK15 | ||
| 999 | |c 124951 |d 124951 | ||
| 010 | |a 00065138 | ||
| 020 | |a 0521793203 | ||
| 040 | |a DLC |b gre |c DLC |d DLC |d GR-PaULI |e AACR2 | ||
| 082 | 0 | 0 | |a 812.09 |2 23 |
| 100 | 1 | |a Hall, Roger A. |9 156896 |e συγγραφέας | |
| 245 | 1 | 0 | |a Performing the American frontier, 1870-1906 / |c Roger A. Hall. |
| 260 | |a Cambridge, UK ; New York : |b Cambridge University Press, |c 2001. | ||
| 300 | |a xii, 281 σ. : |b εικ. ; |c 24 εκ. | ||
| 504 | |a Περιλαμβάνει βιβλιογραφία (σ. 254-262) και ευρετήριο. | ||
| 650 | 0 | 4 | |a Αμερικανικό δράμα |x Ιστορία και κριτική |y 19ος αιώνας |9 156897 |
| 650 | 0 | 4 | |a Πρωτοπόροι στη Δύση (Ηνωμένες Πολιτείες Αμερικής) |9 156903 |
| 650 | 0 | 4 | |a Αμερικανικό δράμα |y 20ός αιώνας |x Ιστορία και κριτική |9 101625 |
| 650 | 0 | 4 | |a Αμερικανικό δράμα |x Ιστορία και κριτική |9 101613 |
| 856 | 4 | 1 | |3 Sample text |u http://www.loc.gov/catdir/samples/cam031/00065138.html |
| 856 | 4 | 2 | |3 Publisher description |u http://www.loc.gov/catdir/description/cam021/00065138.html |
| 856 | 4 | 1 | |3 Table of contents |u http://www.loc.gov/catdir/toc/cam024/00065138.html |
| 856 | 4 | 2 | |3 Contributor biographical information |u http://www.loc.gov/catdir/enhancements/fy0731/00065138-b.html |
| 906 | |a 7 |b cbc |c orignew |d 1 |e ocip |f 20 |g y-gencatlg | ||
| 942 | |2 ddc |c BK15 | ||
| 998 | |c ΜΑΝΙΑ |d 2016-09 | ||